Music Quiz

Random Music or Song Quiz
Score 0/200 Timer 10:00
0 Plays Today
% Correct
the
100%
and
100%
the
100%
the
100%
the
100%
the
100%
the
100%
the
100%
the
100%
the
100%
the
100%
the
100%
the
100%
the
100%
the
100%
the
100%
the
100%
a
100%
the
100%
the
100%
the
100%
the
100%
the
100%
the
100%
the
100%
the
100%
the
100%
i
97.7%
i
97.7%
i
97.7%
i
97.7%
i
97.7%
you
85%
you
85%
you
85%
you
85%
you
85%
you
85%
you
85%
you
85%
you
85%
you
85%
in
81.8%
in
81.8%
in
81.8%
in
81.8%
in
81.8%
in
81.8%
in
81.8%
in
81.8%
me
80.5%
me
80.5%
me
80.5%
me
80.5%
me
80.5%
me
80.5%
me
80.5%
me
80.5%
me
80.5%
me
80.5%
me
80.5%
me
80.5%
me
80.5%
he
79.1%
to
78.6%
to
78.6%
to
78.6%
% Correct
love
78.2%
on
77.7%
it
75.5%
it
75.5%
it
75.5%
be
73.6%
of
72.7%
my
64.1%
your
62.7%
your
62.7%
if
58.6%
if
58.6%
that
56.8%
see
50.9%
all
49.1%
all
49.1%
all
49.1%
at
48.2%
from
47.7%
up
45.9%
but
45.9%
up
45.9%
up
45.9%
but
45.9%
its
45%
with
44.5%
with
44.5%
him
44.1%
him
44.1%
get
40%
get
40%
get
40%
dont
39.5%
dont
39.5%
dont
39.5%
dont
39.5%
dont
39.5%
dont
39.5%
out
38.6%
out
38.6%
out
38.6%
ill
35.9%
take
34.5%
take
34.5%
take
34.5%
never
32.3%
look
25.9%
back
25%
back
25%
let
23.6%
let
23.6%
again
19.5%
put
18.6%
put
18.6%
put
18.6%
put
18.6%
put
18.6%
put
18.6%
good
17.7%
door
15.5%
head
14.1%
hes
13.2%
call
12.7%
help
12.3%
face
11.8%
face
11.8%
face
11.8%
% Correct
face
11.8%
face
11.8%
keep
11.8%
ways
11.4%
dance
10%
dance
10%
mirror
10%
given
9.1%
takes
8.2%
salt
7.7%
tells
6.8%
pinch
6.4%
inside
6.4%
inside
6.4%
inside
6.4%
inside
6.4%
inside
6.4%
inside
6.4%
window
5.9%
phone
5%
dare
4.1%
dare
4.1%
calls
3.6%
calls
3.6%
promise
2.7%
miss
2.3%
wolf
2.3%
mess
2.3%
dead
1.8%
singing
1.4%
doctor
1.4%
gona
1.4%
pay
1.4%
drag
0.9%
cracker
0.9%
toe
0.9%
eggs
0.9%
****
0.9%
****
0.9%
recognise
0.9%
steal
0.9%
dragging
0.5%
snakes
0.5%
ladders
0.5%
flip
0.5%
lid
0.5%
pops
0.5%
smacks
0.5%
knifes
0.5%
neck
0.5%
kicks
0.5%
teeth
0.5%
steel
0.5%
caps
0.5%
credit
0.5%
cards
0.5%
step
0.5%
gunge
0.5%
flan
0.5%
flan
0.5%
flan
0.5%
flan
0.5%
taxman
0.5%
children
0.5%
ransom
0.5%
squeal
0.5%
Remove Ads.
Support Sporcle.
Get the best of Sporcle when you Go Orange. This ad-free experience offers more features, more stats, and more fun while also helping to support Sporcle. Thank you for becoming a member.

You're not logged in!

Compare scores with friends on all Sporcle quizzes.
OR
Log In

Show Comments

Extras

Created Nov 29, 2010ReportNominate
Tags:Song Quiz

Top Quizzes Today


Score Distribution

Your Account Isn't Verified!

In order to create a playlist on Sporcle, you need to verify the email address you used during registration. Go to your Sporcle Settings to finish the process.

Report this User

Report this user for behavior that violates our Community Guidelines.

Details: